Gography(Geography)Quiz - Statistics

General Stats
  • This quiz has been taken 57 times
  • The average score is 7 of 15
Answer Stats
Question Answer % Correct
Which is statue of "Christ the Redeemer"?
92%
Which country shown below has the capital starting with O? Norway
83%
On Which continent Madagascar located? Africa
75%
FSM fulform? Federal States Of Micronasia
71%
Which is Moldova?
67%
Largest city in India by area? Delhi
58%
Capital city of Kosovo? Pristina
54%
Samoa Capital? Apia
50%
Where is Mt Kilimanjaro located? Tanzania
42%
Lowest point on Indian Ocean? Java Trench
33%
Largest country in Central America? Nicaragua
33%
Which region has the most population that i given below? South Asia
33%
Largest state in the world by population? Uttar Pradesh
33%
Which mountain has the highest point of earth? Mt.Chimparazo
8%
Largest state in the world by area? Sakha
4%
No matching quizzes found
Score Distribution
Percent of People with Each Score
Percentile by Number Answered
Your Score History
You have not taken this quiz